[Event "POL-chT 2nd League"]
[Site "Lazy"]
[Date "2012.09.05"]
[Round "5"]
[White "Maszota, Natalia"]
[Black "Adamowicz, Katarzyna"]
[Result "1-0"]
[WhiteElo "2116"]
[BlackElo "2109"]
[PlyCount "75"]
[EventDate "2012.09.01"]
[EventType "team-swiss"]
[EventRounds "9"]
[EventCountry "POL"]
[SourceTitle "EXT 2019"]
[Source "ChessBase"]
[SourceDate "2018.10.10"]
[SourceVersion "1"]
[SourceVersionDate "2018.10.10"]
[SourceQuality "1"]
[WhiteTeam "Gdynia Korsarz"]
[BlackTeam "Koszalin Hetman Politechnika"]
[WhiteTeamCountry "POL"]
[BlackTeamCountry "POL"]

1. e4 e5 2. Nf3 Nc6 3. d4 exd4 4. Bc4 Bc5 5. c3 Nf6 6. e5 d5 7. Bb5 Ne4 8. Nxd4 0-0 9. Bxc6 bxc6 10. 0-0 Bd7 11. f3 Ng5 12. f4 Ne4 13. Nd2 f5 14. Nxe4 fxe4 15. Kh1 Bxd4 16. cxd4 Qh4 17. Be3 Rae8 18. Rc1 Rf7 19. Qa4 Ref8 20. Qxa7 g5 21. f5 Bxf5 22. Rxc6 Be6 23. Rg1 Rf1 24. Rxe6 Rxg1+ 25. Bxg1 e3 26. Qa6 Qe1 27. Rf6 Rxf6 28. Qxf6 e2 29. Qxg5+ Kf7 30. Qf6+ Ke8 31. e6 Qf1 32. Qf7+ Qxf7 33. exf7+ Kxf7 34. Bf2 c5 35. dxc5 d4 36. Be1 Ke6 37. Kg1 Kd5 38. Kf2 1-0

[Event "POL-chT 2nd League"]
[Site "Mrzezyno"]
[Date "2011.09.08"]
[Round "6.24"]
[White "Maszota, Natalia"]
[Black "Jalowiec, Halina"]
[Result "1-0"]
[WhiteElo "2112"]
[BlackElo "2032"]
[PlyCount "65"]
[EventDate "2011.09.03"]
[EventType "team-swiss"]
[EventRounds "9"]
[EventCountry "POL"]
[SourceTitle "EXT 2015"]
[Source "ChessBase"]
[SourceDate "2014.11.20"]
[SourceVersion "1"]
[SourceVersionDate "2014.11.20"]
[SourceQuality "1"]
[WhiteTeam "Gdynia Korsarz"]
[BlackTeam "Pilzno GKSz Hetman"]
[WhiteTeamCountry "POL"]
[BlackTeamCountry "POL"]

1. d4 d5 2. g3 Nf6 3. Bg2 e6 4. Nf3 c5 5. 0-0 Nc6 6. c3 Be7 7. Nbd2 0-0 8. dxc5 Bxc5 9. b4 Bb6 10. b5 Na5 11. a4 Re8 12. Qc2 Qc7 13. Bb2 e5 14. e4 dxe4 15. Nxe4 Nxe4 16. Qxe4 Nc4 17. Ba3 f5 18. Qe2 Bd7 19. Ng5 e4 20. Rfd1 Be6 21. Nxe6 Rxe6 22. Bc1 Ne5 23. Bf4 Qxc3 24. Rac1 Qb4 25. Qa2 Bxf2+ 26. Kxf2 Ng4+ 27. Kg1 Rae8 28. Rc8 Qe7 29. Rxe8+ Qxe8 30. Rd6 Kf7 31. h3 Nf6 32. Bf1 Nd7 33. Rxe6 1-0

[Event "POL-chT 2nd League"]
[Site "Ustron"]
[Date "2008.09.11"]
[Round "5.36"]
[White "Wesolowska, Hanna"]
[Black "Maszota, Natalia"]
[Result "0-1"]
[WhiteElo "2054"]
[BlackElo "2077"]
[PlyCount "126"]
[EventDate "2008.09.06"]
[EventType "team-swiss"]
[EventRounds "9"]
[EventCountry "POL"]
[SourceTitle "EXT 2015"]
[Source "ChessBase"]
[SourceDate "2014.11.20"]
[SourceVersion "1"]
[SourceVersionDate "2014.11.20"]
[SourceQuality "1"]
[WhiteTeam "Pawlowice GKS Pniowek 74"]
[BlackTeam "Gdynia Korsarz"]
[WhiteTeamCountry "POL"]
[BlackTeamCountry "POL"]

1. d4 c5 2. Nf3 cxd4 3. Nxd4 Nc6 4. c3 e5 5. Nxc6 bxc6 6. e4 Nf6 7. Bg5 Bc5 8. Bxf6 Qxf6 9. Qc2 Qg6 10. Nd2 d5 11. f3 0-0 12. 0-0-0 f5 13. exd5 cxd5 14. Re1 Bd6 15. g3 Be6 16. Qa4 Qf7 17. Qc6 Rfd8 18. Kb1 Rac8 19. Qa4 Rb8 20. Ka1 Qb7 21. Nb3 Qc7 22. Qa5 Rb6 23. f4 Rdb8 24. fxe5 Bxe5 25. Bd3 Qd6 26. Qc5 Bf7 27. Qxd6 Bxd6 28. Bxf5 a5 29. Bd7 a4 30. Nd4 Rxb2 31. Bxa4 Rd2 32. Bb3 Ba3 33. Nf5 Bb2+ 34. Kb1 Bxc3 35. Rd1 Rf2 36. Rdf1 Re2 37. Kc1 Bb4 38. Kd1 Rd2+ 39. Kc1 Rc8+ 40. Kb1 Bg6 41. g4 Bc3 42. Kc1 Bb4+ 43. Kb1 Ba3 44. Rd1 Rxd1+ 45. Rxd1 Bf7 46. Nd4 g5 47. Nb5 Bg6+ 48. Ka1 Be7 49. Bxd5+ Kg7 50. a4 Rc2 51. Bb3 Bf6+ 52. Nd4 Rxh2 53. a5 h5 54. a6 hxg4 55. Bd5 Bf7 56. Bxf7 Kxf7 57. a7 Rh8 58. Ka2 Bxd4 59. Rxd4 Ra8 60. Rxg4 Rxa7+ 61. Kb3 Kf6 62. Kc3 Kf5 63. Rb4 Rd7 0-1

[Event "POL-chT 2nd League"]
[Site "Ustron"]
[Date "2008.09.10"]
[Round "4.60"]
[White "Maszota, Natalia"]
[Black "Leszner, Liliana"]
[Result "1-0"]
[WhiteElo "2077"]
[BlackElo "2140"]
[PlyCount "127"]
[EventDate "2008.09.06"]
[EventType "team-swiss"]
[EventRounds "9"]
[EventCountry "POL"]
[SourceTitle "EXT 2015"]
[Source "ChessBase"]
[SourceDate "2014.11.20"]
[SourceVersion "1"]
[SourceVersionDate "2014.11.20"]
[SourceQuality "1"]
[WhiteTeam "Gdynia Korsarz"]
[BlackTeam "Milanowek UKS Jedwabnik"]
[WhiteTeamCountry "POL"]
[BlackTeamCountry "POL"]

1. e4 d6 2. d4 g6 3. Nc3 Bg7 4. Be3 c6 5. Qd2 Nd7 6. f3 b5 7. Nh3 Nb6 8. Nf2 a5 9. b3 Qc7 10. Rc1 h5 11. Nd3 Nf6 12. Qf2 Ba6 13. Be2 h4 14. 0-0 Nbd7 15. a3 b4 16. axb4 Bxd3 17. Bxd3 axb4 18. Ne2 e5 19. Ra1 Ra5 20. Rxa5 Qxa5 21. h3 c5 22. dxc5 Nxc5 23. Bc4 Bh6 24. Bxh6 Rxh6 25. Rd1 Ke7 26. Nc1 Rh8 27. Kh2 Ne6 28. Qd2 Nd4 29. Ne2 Rd8 30. Nxd4 exd4 31. Qxd4 Qg5 32. Kg1 Nh5 33. e5 Qxe5 34. Qxh4+ Qf6 35. Qe1+ Kf8 36. Qxb4 Nf4 37. Qd2 d5 38. Bf1 d4 39. Re1 Nd5 40. Qh6+ Kg8 41. Re4 Ne3 42. Bd3 Nf5 43. Rf4 Rd5 44. Bxf5 Rxf5 45. Rxf5 Qxf5 46. Qd2 Qc5 47. Qd3 Qb4 48. Kf2 Kg7 49. f4 f5 50. g4 fxg4 51. hxg4 Qd6 52. Kg3 g5 53. Qf5 gxf4+ 54. Qxf4 Qc5 55. g5 Qc3+ 56. Kg4 Kg8 57. Qf5 Qe3 58. Kh5 Qe2+ 59. Kg6 Qe8+ 60. Kh6 Qe3 61. Qg6+ Kf8 62. Qf6+ Ke8 63. Kg7 Qe4 64. Qg6+ 1-0

[Event "POL-chT 2nd League"]
[Site "Wysowa"]
[Date "2007.09.08"]
[Round "5"]
[White "Kulon, Klaudia"]
[Black "Maszota, Natalia"]
[Result "1-0"]
[WhiteElo "2170"]
[BlackElo "2082"]
[PlyCount "69"]
[EventDate "2007.09.03"]
[EventType "team-swiss"]
[EventRounds "9"]
[EventCountry "POL"]
[SourceTitle "EXT 2010"]
[Source "ChessBase"]
[SourceDate "2010.11.25"]
[SourceVersion "1"]
[SourceVersionDate "2010.11.25"]
[SourceQuality "1"]
[WhiteTeam "Koszalin Hetman Politechnika"]
[BlackTeam "Gdynia Korsarz"]
[WhiteTeamCountry "POL"]
[BlackTeamCountry "POL"]

1. e4 e6 2. d4 d5 3. Nd2 Nf6 4. e5 Nfd7 5. c3 c5 6. Bd3 Nc6 7. Ndf3 cxd4 8. cxd4 Qb6 9. Ne2 Be7 10. 0-0 Nf8 11. h4 Bd7 12. a3 a5 13. Bd2 f5 14. exf6 Bxf6 15. Bc3 Ne7 16. Re1 Nfg6 17. g3 Rf8 18. h5 Nh8 19. Bxh7 0-0-0 20. Nf4 Rde8 21. Qd2 Nc6 22. b4 a4 23. Rab1 Na7 24. b5 Nxb5 25. Bd3 Nf7 26. Ba5 Nxd4 27. Nxd4 Qxd4 28. Bb6 Ng5 29. Qd1 Qc3 30. Rc1 Bc6 31. Rxc3 Bxc3 32. Qg4 Bxe1 33. Qxg5 e5 34. Qxg7 Kb8 35. Ne6 1-0

[Event "POL-chT 2nd League"]
[Site "Wysowa"]
[Date "2007.09.05"]
[Round "3"]
[White "Zdziarska, Lidia"]
[Black "Maszota, Natalia"]
[Result "0-1"]
[WhiteElo "1991"]
[BlackElo "2082"]
[PlyCount "107"]
[EventDate "2007.09.03"]
[EventType "team-swiss"]
[EventRounds "9"]
[EventCountry "POL"]
[SourceTitle "EXT 2010"]
[Source "ChessBase"]
[SourceDate "2010.11.25"]
[SourceVersion "1"]
[SourceVersionDate "2010.11.25"]
[SourceQuality "1"]
[WhiteTeam "Chroscice LZS Victoria"]
[BlackTeam "Gdynia Korsarz"]
[WhiteTeamCountry "POL"]
[BlackTeamCountry "POL"]

1. e4 e6 2. Nf3 d5 3. Nc3 Bb4 4. e5 Ne7 5. Ne2 c5 6. c3 Ba5 7. d4 cxd4 8. Nexd4 Nbc6 9. Bd3 Ng6 10. Nxc6 bxc6 11. 0-0 Qc7 12. Qe2 0-0 13. a4 c5 14. Bd2 Rb8 15. Rfb1 c4 16. Bxg6 fxg6 17. Nd4 Bd7 18. Bg5 Rf7 19. h3 h6 20. Bh4 g5 21. Bg3 Qc8 22. Qc2 Be8 23. Ra3 Rfb7 24. f3 a6 25. Ra2 Bf7 26. Rf1 Qe8 27. f4 gxf4 28. Bxf4 Bg6 29. Qd2 Be4 30. Rf2 Bb1 31. Ra3 Bb6 32. Qc1 Bc5 33. Ra1 Be4 34. Kh2 Qg6 35. Be3 Rf7 36. Qd2 Rxf2 37. Qxf2 Rf8 38. Qe2 Bd3 39. Qd2 Qe4 40. Re1 Qxe5+ 41. g3 Bxd4 42. Bxd4 Qf5 43. Re5 Qg6 44. Re1 Be4 45. Re3 Rf1 46. Re1 Rf3 47. Rg1 Qf5 48. Qe2 e5 49. Be3 Bd3 50. Qe1 Bf1 51. Rxf1 Rxf1 52. Qd2 Qf3 53. Bg1 Rd1 54. Qc2 0-1

[Event "POL-chT 2nd League"]
[Site "Lublin"]
[Date "2006.09.10"]
[Round "9.30"]
[White "Maszota, Natalia"]
[Black "Zakoscielna, Kinga"]
[Result "0-1"]
[WhiteElo "2099"]
[BlackElo "1950"]
[PlyCount "66"]
[EventDate "2006.09.02"]
[EventType "team-swiss"]
[EventRounds "9"]
[EventCountry "POL"]
[SourceTitle "EXT 2019"]
[Source "ChessBase"]
[SourceDate "2018.10.10"]
[SourceVersion "1"]
[SourceVersionDate "2018.10.10"]
[SourceQuality "1"]
[WhiteTeam "Gdynia Korsarz"]
[BlackTeam "Koszalin Hetman Politechnika"]
[WhiteTeamCountry "POL"]
[BlackTeamCountry "POL"]

1. d4 c5 2. e4 cxd4 3. Nf3 Nc6 4. Nxd4 e6 5. c3 Qc7 6. Be3 Nf6 7. Nd2 a6 8. Bd3 b5 9. f3 Bb7 10. Rc1 d5 11. a4 Ne5 12. Be2 Nc4 13. Nxc4 bxc4 14. b3 cxb3 15. Qxb3 dxe4 16. Rb1 exf3 17. Nxf3 Be4 18. Bb6 Qb7 19. Rb2 Bd6 20. a5 0-0 21. Bd4 Qc7 22. Bb6 Qe7 23. Qa4 Rfc8 24. c4 Bc5 25. Bxc5 Qxc5 26. Qb4 Qe3 27. Qd2 Qa7 28. Rb6 Rab8 29. Qd6 Nd7 30. Rxb8 Rxb8 31. Kf1 Rb1+ 32. Ne1 Qb7 33. Qg3 Bxg2+ 0-1

[Event "POL-chT 2nd League"]
[Site "Lublin"]
[Date "2006.09.09"]
[Round "8.42"]
[White "Leszner, Liliana"]
[Black "Maszota, Natalia"]
[Result "1-0"]
[WhiteElo "2095"]
[BlackElo "2099"]
[PlyCount "117"]
[EventDate "2006.09.02"]
[EventType "team-swiss"]
[EventRounds "9"]
[EventCountry "POL"]
[SourceTitle "EXT 2019"]
[Source "ChessBase"]
[SourceDate "2018.10.10"]
[SourceVersion "1"]
[SourceVersionDate "2018.10.10"]
[SourceQuality "1"]
[WhiteTeam "Lodz Szach Centrum"]
[BlackTeam "Gdynia Korsarz"]
[WhiteTeamCountry "POL"]
[BlackTeamCountry "POL"]

1. e4 c5 2. Nc3 Nc6 3. g3 d6 4. Bg2 g6 5. d3 e6 6. Be3 Bg7 7. Qd2 a6 8. f4 Nge7 9. Nge2 Nd4 10. 0-0 0-0 11. g4 f5 12. h3 e5 13. gxf5 gxf5 14. Ng3 Qe8 15. Rae1 Qg6 16. Kh2 Kh8 17. Rg1 Bf6 18. Ref1 Bh4 19. Nce2 Rg8 20. Bh1 Qe6 21. fxe5 dxe5 22. Bxd4 exd4 23. Nxf5 Nxf5 24. Rxf5 Bd7 25. Nf4 Qe7 26. Rh5 Rxg1 27. Kxg1 Rg8+ 28. Bg2 Bg5 29. h4 Bf6 30. Nd5 Qg7 31. Nxf6 Qxf6 32. Qf2 Qe7 33. Qf4 b6 34. Qe5+ Qxe5 35. Rxe5 Bh3 36. Rg5 Rxg5 37. hxg5 Bg4 38. Kf2 Kg7 39. Bf3 Be6 40. Kg3 Bxa2 41. Kf4 Kf7 42. Ke5 Ke7 43. b3 a5 44. Bg4 Bb1 45. Bd1 Ba2 46. Bg4 b5 47. Bf5 a4 48. Bxh7 Kf7 49. Kd6 Kg7 50. e5 axb3 51. cxb3 Bxb3 52. Be4 c4 53. Bd5 Ba4 54. dxc4 bxc4 55. Bxc4 Bc2 56. e6 d3 57. e7 d2 58. e8Q d1Q+ 59. Bd5 1-0

[Event "POL-chT 2nd League"]
[Site "Lublin"]
[Date "2006.09.06"]
[Round "5.42"]
[White "Maszota, Natalia"]
[Black "Giemza, Joanna"]
[Result "1/2-1/2"]
[WhiteElo "2099"]
[BlackElo "1985"]
[PlyCount "98"]
[EventDate "2006.09.02"]
[EventType "team-swiss"]
[EventRounds "9"]
[EventCountry "POL"]
[SourceTitle "EXT 2019"]
[Source "ChessBase"]
[SourceDate "2018.10.10"]
[SourceVersion "1"]
[SourceVersionDate "2018.10.10"]
[SourceQuality "1"]
[WhiteTeam "Gdynia Korsarz"]
[BlackTeam "Chroscice Victoria"]
[WhiteTeamCountry "POL"]
[BlackTeamCountry "POL"]

1. d4 e6 2. Nc3 f5 3. e4 fxe4 4. Nxe4 Nf6 5. Bd3 Nc6 6. c3 Be7 7. Nf3 b6 8. Nfg5 Nxe4 9. Bxe4 Bxg5 10. Qh5+ g6 11. Bxg6+ hxg6 12. Qxh8+ Kf7 13. Qh7+ Kf8 14. f4 Bh4+ 15. g3 Bf6 16. Qxg6 Qe7 17. 0-0 Qf7 18. Qe4 Ba6 19. Rf2 Qh5 20. f5 Re8 21. Bf4 exf5 22. Qd5 Bd3 23. Qxd7 Be4 24. Re1 Re7 25. Qc8+ Kf7 26. Be5 Nxe5 27. dxe5 Rxe5 28. Qxc7+ Re7 29. Qc4+ Kg7 30. Qb5 Be5 31. Qb4 Rf7 32. Rxe4 fxe4 33. Rxf7+ Qxf7 34. Qxe4 Bf6 35. a3 Qd7 36. Qe2 Qf5 37. Kg2 Be5 38. h4 Bd6 39. Qd2 Qg6 40. Qd4+ Kh7 41. Qf2 Qe4+ 42. Kh3 Kg6 43. Qd2 Qf5+ 44. Kg2 Bc5 45. Qe2 Qd5+ 46. Kh3 Qh1+ 47. Kg4 Qd5 48. Kh3 Qf5+ 49. Kg2 Kf6 1/2-1/2

[Event "POL-chT 2nd League"]
[Site "Lublin"]
[Date "2006.09.03"]
[Round "2.30"]
[White "Rzepecka, Dorota"]
[Black "Maszota, Natalia"]
[Result "0-1"]
[WhiteElo "1923"]
[BlackElo "2099"]
[PlyCount "48"]
[EventDate "2006.09.02"]
[EventType "team-swiss"]
[EventRounds "9"]
[EventCountry "POL"]
[SourceTitle "EXT 2019"]
[Source "ChessBase"]
[SourceDate "2018.10.10"]
[SourceVersion "1"]
[SourceVersionDate "2018.10.10"]
[SourceQuality "1"]
[WhiteTeam "Miedzyborow Wrzos"]
[BlackTeam "Gdynia Korsarz"]
[WhiteTeamCountry "POL"]
[BlackTeamCountry "POL"]

1. e4 e6 2. d4 d5 3. Nc3 Bb4 4. e5 c5 5. a3 Bxc3+ 6. bxc3 Ne7 7. Qg4 Kf8 8. Bd3 Qa5 9. Bd2 Qa4 10. Nf3 c4 11. Be2 Qxc2 12. 0-0 Qg6 13. Qh3 Qf5 14. g4 Qg6 15. Nh4 Qc2 16. Qe3 Nd7 17. a4 h5 18. g5 Nf5 19. Nxf5 Qxf5 20. Kh1 Kg8 21. Rg1 Nf8 22. Rg3 Bd7 23. Rh3 g6 24. Rg3 Bc6 0-1

[Event "POL-chT 2nd League"]
[Site "Wysowa"]
[Date "2005.09.04"]
[Round "9.30"]
[White "Rzepecka, Dorota"]
[Black "Maszota, Natalia"]
[Result "0-1"]
[WhiteElo "1971"]
[BlackElo "2076"]
[PlyCount "114"]
[EventDate "2005.08.27"]
[EventType "team-swiss"]
[EventRounds "9"]
[EventCountry "POL"]
[SourceTitle "EXT 2019"]
[Source "ChessBase"]
[SourceDate "2018.10.10"]
[SourceVersion "1"]
[SourceVersionDate "2018.10.10"]
[SourceQuality "1"]
[WhiteTeam "Miedzyborow Wrzos"]
[BlackTeam "Gdynia Korsarz"]
[WhiteTeamCountry "POL"]
[BlackTeamCountry "POL"]

1. e4 d6 2. d4 g6 3. Nf3 Bg7 4. h3 c6 5. Nc3 Nd7 6. Bc4 e6 7. a4 d5 8. Bd3 Ne7 9. 0-0 0-0 10. exd5 exd5 11. a5 Re8 12. Bf4 Nf8 13. Be5 f6 14. Bh2 Ne6 15. Re1 Bh6 16. Ne2 Bd7 17. c3 Nc8 18. Qc2 Re7 19. b4 Be8 20. Reb1 Nd6 21. Nd2 Ng5 22. Bf4 Bg7 23. Bxg5 fxg5 24. Nf3 Bd7 25. Ng3 g4 26. hxg4 Bxg4 27. Nh2 Bd7 28. Nf3 Qf8 29. Re1 Rae8 30. Rxe7 Rxe7 31. Re1 Rxe1+ 32. Nxe1 Qf4 33. Nf3 Nf7 34. Kf1 Bg4 35. Nh2 Bd7 36. Nf3 Kf8 37. Qd2 Qf6 38. Qe1 h5 39. Qb1 h4 40. Ne2 g5 41. Nfg1 g4 42. b5 Bh6 43. bxc6 Qxc6 44. Bg6 h3 45. Bxf7 h2 46. Qh7 h1Q 47. Qg8+ Ke7 48. Bxd5 Qf6 49. Ng3 Qh2 50. Ne4 Qg7 51. Qa8 Qc7 52. Qxa7 Bf5 53. Nc5 Qg5 54. Ne2 Qd2 55. Bb3 Bc2 56. Bxc2 Qxc2 57. f4 g3 0-1

[Event "POL-chT 2nd League"]
[Site "Wysowa"]
[Date "2005.09.03"]
[Round "8.42"]
[White "Maszota, Natalia"]
[Black "Kowalska, Elzbieta"]
[Result "1-0"]
[WhiteElo "2076"]
[BlackElo "2003"]
[PlyCount "109"]
[EventDate "2005.08.27"]
[EventType "team-swiss"]
[EventRounds "9"]
[EventCountry "POL"]
[SourceTitle "EXT 2019"]
[Source "ChessBase"]
[SourceDate "2018.10.10"]
[SourceVersion "1"]
[SourceVersionDate "2018.10.10"]
[SourceQuality "1"]
[WhiteTeam "Gdynia Korsarz"]
[BlackTeam "Milanowek UKS Jedwabnik"]
[WhiteTeamCountry "POL"]
[BlackTeamCountry "POL"]

1. e4 c5 2. d3 Nc6 3. Nd2 g6 4. g3 Bg7 5. Bg2 e6 6. Ngf3 d6 7. 0-0 Nge7 8. Re1 0-0 9. Nf1 Rb8 10. h4 b5 11. N3h2 b4 12. h5 Nd4 13. Ng4 Nec6 14. Bd2 Bd7 15. Qc1 e5 16. Nfh2 Qc8 17. Nh6+ Kh8 18. c3 bxc3 19. bxc3 Nb5 20. Bf3 f5 21. hxg6 hxg6 22. Kg2 f4 23. N6g4 g5 24. Rh1 Kg8 25. Qd1 Kf7 26. Nf1 Rh8 27. Rxh8 Qxh8 28. Rb1 Qc8 29. Ngh2 Rb6 30. Bg4 Bxg4 31. Nxg4 Nc7 32. Rxb6 axb6 33. Nfh2 Qe6 34. Qb1 b5 35. a4 bxa4 36. Qb6 Qd7 37. Bc1 Nd8 38. Nf3 Nce6 39. Ba3 Ke7 40. Qa5 Qc6 41. Qa7+ Qd7 42. Qa5 Ke8 43. Qa6 Nf7 44. Qc4 Ned8 45. Ngh2 Bf6 46. Nd2 Ne6 47. g4 Nc7 48. Qa2 Qb5 49. Nc4 Bd8 50. Nf3 Kd7 51. d4 exd4 52. cxd4 Ke8 53. dxc5 dxc5 54. Nfe5 Nxe5 55. Nd6+ 1-0

[Event "POL-chT 59th"]
[Site "Lubniewice"]
[Date "2003.08.31"]
[Round "2"]
[White "Maszota, Natalia"]
[Black "Socko, Monika"]
[Result "0-1"]
[WhiteElo "2063"]
[BlackElo "2390"]
[PlyCount "60"]
[EventDate "2003.08.30"]
[EventType "team-tourn"]
[EventRounds "9"]
[EventCountry "POL"]
[SourceTitle "EXT 2019"]
[Source "ChessBase"]
[SourceDate "2018.10.10"]
[SourceVersion "1"]
[SourceVersionDate "2018.10.10"]
[SourceQuality "1"]
[WhiteTeam "Gorzow Wielkopolski Stilon"]
[BlackTeam "Warszawa Polonia"]
[WhiteTeamCountry "POL"]
[BlackTeamCountry "POL"]

1. f4 d6 2. Nf3 g6 3. e4 Bg7 4. d4 c5 5. Nc3 cxd4 6. Nxd4 Nc6 7. Nde2 Nf6 8. Be3 0-0 9. Qd2 b5 10. Ng3 b4 11. Nd1 Ng4 12. Rb1 Be6 13. Bg1 Bxa2 14. Ra1 Be6 15. h3 Nf6 16. Bb5 Qc7 17. Be3 Rfc8 18. Ba6 Na5 19. 0-0 Bc4 20. Bxc4 Nxc4 21. Qf2 a5 22. Bd4 e5 23. fxe5 dxe5 24. Be3 Nd6 25. Qf3 Qxc2 26. Bh6 Bxh6 27. Qxf6 Qc5+ 28. Kh1 Bf4 29. Ne2 Nxe4 30. Qh4 Qc4 0-1

[Event "POL-chT U19 35th"]
[Site "Koszalin"]
[Date "2003.07.10"]
[Round "7.5"]
[White "Maszota, Natalia"]
[Black "Zawadzka, Beata"]
[Result "0-1"]
[WhiteElo "2063"]
[BlackElo "2255"]
[PlyCount "156"]
[EventDate "2003.07.04"]
[EventType "team-tourn"]
[EventRounds "11"]
[EventCountry "POL"]
[SourceTitle "EXT 2019"]
[Source "ChessBase"]
[SourceDate "2018.10.10"]
[SourceVersion "1"]
[SourceVersionDate "2018.10.10"]
[SourceQuality "1"]
[WhiteTeam "Gorzow Wielkopolski Stilon U19"]
[BlackTeam "Warszawa Damis U19"]
[WhiteTeamCountry "POL"]
[BlackTeamCountry "POL"]

1. e4 c5 2. Nf3 d6 3. d4 cxd4 4. Nxd4 Nf6 5. Nc3 a6 6. f4 e5 7. Nf3 Nbd7 8. a4 Be7 9. Bc4 0-0 10. 0-0 exf4 11. Bxf4 Qc7 12. Qe2 Ne5 13. Nxe5 dxe5 14. Be3 Be6 15. Bxe6 fxe6 16. Kh1 Rac8 17. Bg5 Qc4 18. Qe1 h6 19. Bxf6 Rxf6 20. Rxf6 Bxf6 21. Rd1 Qb4 22. Rb1 Rd8 23. h4 Rd4 24. Qg3 Rd2 25. Rf1 Qe7 26. h5 Rxc2 27. Nd1 Rd2 28. Qc3 Qd7 29. Nf2 Bg5 30. Nh3 Rd1 31. Qf3 Rxf1+ 32. Qxf1 Qd4 33. Nxg5 hxg5 34. Qf3 Qxb2 35. Kh2 Qd2 36. Qb3 Qf4+ 37. Kg1 Qxe4 38. Qxe6+ Kh7 39. h6 Qe3+ 40. Kh1 Qc1+ 41. Kh2 Qf4+ 42. Kg1 gxh6 43. Qe7+ Kg6 44. Qe8+ Qf7 45. Qxe5 Kh7 46. Qe4+ Kg8 47. Qe5 Qd7 48. a5 Kf7 49. Qe4 Kf6 50. Qf3+ Ke7 51. Qe4+ Kd8 52. Qb4 Qe7 53. Qc3 Qc7 54. Qd4+ Kc8 55. Qh8+ Qd8 56. Qe5 Qf8 57. g3 Kd7 58. Kg2 Qd6 59. Qf5+ Kc6 60. Qc8+ Kb5 61. Qxb7+ Kxa5 62. Kh3 h5 63. Qc8 Qd5 64. Qc3+ Kb5 65. Qb2+ Kc4 66. Qe2+ Kb3 67. Qe3+ Ka4 68. Kh2 g4 69. Qe8+ Kb3 70. Qe3+ Kc2 71. Qe8 Kd1 72. Qa4+ Ke1 73. Qxa6 Qd2+ 74. Kh1 Qd1 75. Qb6 Qf3+ 76. Kh2 Qf2+ 77. Qxf2+ Kxf2 78. Kh1 h4 0-1

[Event "POL-ch U18 Girls"]
[Site "Krynica"]
[Date "2003.??.??"]
[Round "10"]
[White "Maszota, Natalia"]
[Black "Zawadzka, Jolanta"]
[Result "1-0"]
[WhiteElo "2060"]
[BlackElo "2335"]
[PlyCount "69"]
[EventDate "2003.??.??"]
[EventType "swiss"]
[EventRounds "11"]
[EventCountry "POL"]
[SourceTitle "EXT 2007"]
[Source "ChessBase"]
[SourceDate "2006.11.23"]
[SourceVersion "1"]
[SourceVersionDate "2006.11.23"]
[SourceQuality "1"]

1. e4 e5 2. Nf3 Nc6 3. d4 exd4 4. Bc4 Nf6 5. e5 d5 6. Bb5 Ne4 7. Nxd4 Bc5 8. Be3 Bd7 9. Bxc6 bxc6 10. Nd2 Qh4 11. 0-0 0-0 12. c3 Bb6 13. f3 Nxd2 14. Qxd2 c5 15. Nb3 c4 16. Nc5 Bc6 17. Bd4 Rfe8 18. f4 Qe7 19. Qf2 a5 20. Rae1 Bd7 21. Nxd7 Bxd4 22. Qxd4 Qxd7 23. f5 Rab8 24. Rf2 Rb6 25. Re3 f6 26. e6 Qd6 27. Rd2 Rb5 28. a4 Rc5 29. Qh4 Qb6 30. Rg3 Rb5+ 31. Kf1 Rxb2 32. Qxf6 Rb1+ 33. Ke2 Re1+ 34. Kxe1 Qb1+ 35. Kf2 1-0

[Event "POL-ch sf (Women)"]
[Site "Lubniewice"]
[Date "2002.12.03"]
[Round "4"]
[White "Maszota, Natalia"]
[Black "Kucypera, Malgorzata"]
[Result "1/2-1/2"]
[WhiteElo "2061"]
[BlackElo "2037"]
[PlyCount "81"]
[EventDate "2002.11.30"]
[EventType "swiss"]
[EventRounds "9"]
[EventCountry "POL"]
[SourceTitle "CBM 091 Extra"]
[Source "ChessBase"]
[SourceDate "2003.01.09"]
[SourceVersion "1"]
[SourceVersionDate "2003.01.09"]
[SourceQuality "1"]

1. d4 Nf6 2. Nf3 g6 3. Nc3 c5 4. dxc5 Qa5 5. Be3 Bg7 6. Qd2 Nc6 7. h3 0-0 8. Nd4 Qb4 9. Nb3 Ne4 10. Nxe4 Qxe4 11. 0-0-0 Qa4 12. a3 b5 13. Bh6 Bh8 14. Bxf8 b4 15. axb4 Kxf8 16. e4 Qa2 17. c3 Qxb3 18. Qd5 Qa4 19. Bc4 e6 20. Qd6+ Kg8 21. Kb1 a5 22. b5 Qxc4 23. bxc6 Qxe4+ 24. Kc1 dxc6 25. Qd8+ Kg7 26. g3 a4 27. Rhe1 Qf5 28. Qd4+ f6 29. Qd6 a3 30. Rd4 axb2+ 31. Kd2 Ra7 32. Qb8 Rb7 33. Qxc8 b1Q 34. Rxb1 Qxf2+ 35. Kd3 Qf3+ 36. Kd2 Rxb1 37. Qc7+ Kh6 38. Rh4+ Kg5 39. Rg4+ Kh6 40. Rh4+ Kg5 41. Rg4+ 1/2-1/2